000 00703nam a2200265Ia 4500
005 20260121161357.0
008 008 260114s9999 xx 000 0 eng d
020 _a9781003038467
037 _aEBOOK
040 _aCRL
040 _beng
040 _cCRL
041 _2eng
041 _aeng
084 _qCRL
100 _aDistributed Artificial Intelligence
_91043795
245 0 _aSatya Prakash Yadav; Dharmendra Prasad Mahato; Nguyen Thi Dieu Linh
260 _bTaylor and Francis
260 _c2021
650 _aArtificial Intelligence
_91043796
856 _uhttp://www.taylorfrancis.com/books/9781003038467
942 _cEBOOK
999 _c1610303
_d1610303